[Event "GER-chT U16"]
[Site "Darmstadt"]
[Date "2022.12.28"]
[Round "4"]
[White "Tietz, Bennit"]
[Black "Kaiser, Jason"]
[Result "1-0"]
[WhiteElo "1688"]
[BlackElo "1345"]
[PlyCount "136"]
[EventDate "2022.12.26"]
[EventType "team-swiss"]
[EventRounds "7"]
[EventCountry "GER"]
[SourceTitle "CBM 212 Extra"]
[Source "ChessBase"]
[SourceDate "2023.03.31"]
[SourceVersion "1"]
[SourceVersionDate "2023.03.31"]
[SourceQuality "1"]
[WhiteTeam "Hamburger SK"]
[BlackTeam "Neuberg"]
[WhiteTeamCountry "GER"]
[BlackTeamCountry "GER"]

1. e4 d5 2. exd5 Qxd5 3. Nc3 Qa5 4. d4 Nf6 5. Nf3 c6 6. Bc4 Bg4 7. h3 Bh5 8. Bd2 e6 9. d5 Qc5 10. Bb3 cxd5 11. Be3 Qc7 12. g4 Bg6 13. Qe2 Bb4 14. 0-0-0 Bxc3 15. bxc3 Ne4 16. Bd4 Nxc3 17. Bxc3 Qxc3 18. Bxd5 0-0 19. Bb3 Qa1+ 20. Kd2 Rd8+ 21. Ke3 Qc3+ 22. Kf4 Nc6 23. Rhe1 Nd4 24. Nxd4 Rxd4+ 25. Rxd4 Qxd4+ 26. Kg3 Rd8 27. Kg2 Qd2 28. Qe5 Qd6 29. Qe2 Qc6+ 30. Kg1 Rd4 31. Qe5 Qd6 32. Qg5 Qd7 33. Qc5 b6 34. Qe5 Rd1 35. Kh2 Qd6 36. Qxd6 Rxd6 37. f4 Rd2+ 38. Kg3 h6 39. f5 exf5 40. gxf5 Bxf5 41. Re8+ Kh7 42. Bxf7 Rxc2 43. h4 Rc7 44. Bd5 Kg6 45. Kf4 Rd7 46. Re5 Bh3 47. Bb3 Kf6 48. Re8 g5+ 49. hxg5+ hxg5+ 50. Kg3 Rd3+ 51. Kh2 Bd7 52. Rf8+ Ke7 53. Ra8 Rh3+ 54. Kg1 Rh1+ 55. Kf2 Rh2+ 56. Kg1 Rg2+ 57. Kf1 Bb5+ 58. Ke1 Re2+ 59. Kd1 g4 60. Rxa7+ Kf6 61. Rf7+ Kg6 62. Rb7 Kh5 63. Rxb6 Re5 64. a4 Bf1 65. Bf7+ Kh4 66. Rh6+ Kg3 67. Rh5 Re3 68. Bd5 Kf2 1-0

[Event "GER-chT U16"]
[Site "Darmstadt"]
[Date "2022.12.27"]
[Round "1"]
[White "Walter, Romeo"]
[Black "Tietz, Bennit"]
[Result "1/2-1/2"]
[WhiteElo "1267"]
[BlackElo "1688"]
[PlyCount "47"]
[EventDate "2022.12.26"]
[EventType "team-swiss"]
[EventRounds "7"]
[EventCountry "GER"]
[SourceTitle "CBM 212 Extra"]
[Source "ChessBase"]
[SourceDate "2023.03.31"]
[SourceVersion "1"]
[SourceVersionDate "2023.03.31"]
[SourceQuality "1"]
[WhiteTeam "Ostfildern"]
[BlackTeam "Hamburger SK"]
[WhiteTeamCountry "GER"]
[BlackTeamCountry "GER"]

1. c4 e5 2. Nc3 Nc6 3. g3 Bc5 4. Bg2 d6 5. e3 a6 6. Nge2 Ba7 7. 0-0 h5 8. d4 h4 9. f4 Bg4 10. h3 exd4 11. hxg4 dxc3 12. bxc3 Nf6 13. g5 Nd7 14. gxh4 Qe7 15. Nd4 0-0-0 16. Rb1 g6 17. Bxc6 bxc6 18. Qa4 Nb8 19. Rxb8+ Bxb8 20. Qxa6+ Kd7 21. Qxc6+ Kc8 22. Qa6+ Kd7 23. Qb5+ Kc8 24. Qa6+ 1/2-1/2

[Event "GER-chT U14"]
[Site "Willingen"]
[Date "2022.08.15"]
[Round "5.1"]
[White "Freude, Paul"]
[Black "Tietz, Bennit"]
[Result "1-0"]
[WhiteElo "1477"]
[BlackElo "1696"]
[PlyCount "67"]
[EventDate "2022.08.13"]
[EventType "team-swiss"]
[EventRounds "7"]
[EventCountry "GER"]
[SourceTitle "EXT 2023"]
[Source "ChessBase"]
[SourceDate "2022.10.05"]
[SourceVersion "1"]
[SourceVersionDate "2022.10.05"]
[SourceQuality "1"]
[WhiteTeam "Berlin Empor"]
[BlackTeam "Hamburger SK"]
[WhiteTeamCountry "GER"]
[BlackTeamCountry "GER"]

1. e4 e5 2. d4 exd4 3. Qxd4 Nc6 4. Qe3 g6 5. h4 Bg7 6. h5 d6 7. hxg6 fxg6 8. Bc4 Qe7 9. Bxg8 Rxg8 10. Rxh7 Bc3+ 11. Nxc3 Qxh7 12. Nd5 Rf8 13. Qg3 Be6 14. Bg5 Bxd5 15. exd5 Ne7 16. Qe3 0-0-0 17. 0-0-0 Rde8 18. Qxa7 Qg7 19. Qa8+ Kd7 20. Qa4+ c6 21. Bxe7 Rxe7 22. dxc6+ bxc6 23. Qa7+ Ke8 24. Qb8+ Kf7 25. Qxd6 Qh6+ 26. Kb1 Qh5 27. Nf3 Rfe8 28. Qxc6 Re2 29. Rd7+ Kg8 30. Qc4+ R2e6 31. a3 Kf8 32. Qf4+ Qf5 33. Qh6+ Kg8 34. Qg7# 1-0

[Event "GER-ch Net blitz qual4"]
[Site "Playchess.com INT"]
[Date "2021.05.10"]
[Round "6"]
[White "Fabregas, Oliver"]
[Black "Tietz, Bennit"]
[Result "1-0"]
[WhiteElo "1809"]
[BlackElo "1579"]
[PlyCount "77"]
[EventDate "2021.05.10"]
[EventType "swiss (blitz)"]
[EventRounds "11"]
[EventCountry "GER"]
[SourceTitle "CBM 202 Extra"]
[Source "ChessBase"]
[SourceDate "2021.07.31"]
[SourceVersion "1"]
[SourceVersionDate "2021.07.31"]
[SourceQuality "1"]

1. Nf3 Nf6 2. g3 c5 3. Bg2 Nc6 4. d3 e5 5. e4 Be7 6. Nc3 0-0 7. Bg5 h6 8. Bxf6 Bxf6 9. Nd5 Be7 10. 0-0 d6 11. c3 Be6 12. Ne3 Qd7 13. Re1 Bh3 14. Bh1 b6 15. a3 a5 16. Re2 Bg4 17. Rd2 b5 18. Qb3 b4 19. axb4 axb4 20. Rdd1 bxc3 21. bxc3 Na5 22. Qc2 Bh5 23. Rdb1 Bg5 24. Nxg5 hxg5 25. Nd5 Nc6 26. Bg2 Rxa1 27. Rxa1 Ne7 28. Ne3 d5 29. exd5 f5 30. c4 f4 31. Nf1 f3 32. Bh1 Bg6 33. Ne3 Nc8 34. Ra3 Nd6 35. Qc3 Nf5 36. Nxf5 Qxf5 37. d6 e4 38. dxe4 Qxe4 39. Ra1 1-0

[Event "GER-ch Net blitz qual4"]
[Site "Playchess.com INT"]
[Date "2021.05.10"]
[Round "11"]
[White "Schmidt, Gunar"]
[Black "Tietz, Bennit"]
[Result "1-0"]
[WhiteElo "1603"]
[BlackElo "1579"]
[PlyCount "133"]
[EventDate "2021.05.10"]
[EventType "swiss (blitz)"]
[EventRounds "11"]
[EventCountry "GER"]
[SourceTitle "CBM 202 Extra"]
[Source "ChessBase"]
[SourceDate "2021.07.31"]
[SourceVersion "1"]
[SourceVersionDate "2021.07.31"]
[SourceQuality "1"]

1. e4 e5 2. Nf3 Nc6 3. Bc4 Bc5 4. c3 Nf6 5. d4 exd4 6. cxd4 Bb4+ 7. Nc3 Nxe4 8. 0-0 Bxc3 9. d5 Ne5 10. bxc3 Nxc4 11. Qd4 Ncd6 12. Qxg7 Qf6 13. Bh6 Qxg7 14. Bxg7 Rg8 15. Bd4 Nf5 16. Rfe1 Nxd4 17. Nxd4 f5 18. Nxf5 d6 19. Rxe4+ Kf8 20. Ne7 Rg4 21. Rae1 Rxe4 22. Rxe4 Bd7 23. g4 Re8 24. Rb4 Rxe7 25. Rxb7 Bxg4 26. Rxa7 Bf3 27. h4 Bxd5 28. a4 Re1+ 29. Kh2 Rh1+ 30. Kg3 Rc1 31. Rxc7 Bb3 32. a5 Bc2 33. a6 Be4 34. a7 Ra1 35. f3 Bd5 36. Kf4 Ra4+ 37. Ke3 Rxh4 38. Rc8+ Ke7 39. a8Q Bxa8 40. Rxa8 h5 41. Rh8 Rh1 42. Kf4 Rh3 43. Rh6 Kd7 44. Ke4 Kc6 45. f4 Rh1 46. f5 h4 47. Kf4 Kc5 48. Kg4 Rc1 49. f6 Rxc3 50. f7 Rc4+ 51. Kg5 Rc1 52. f8Q Rg1+ 53. Kxh4 Rh1+ 54. Kg5 Rg1+ 55. Kh5 Rh1+ 56. Kg6 Rg1+ 57. Kh7 Re1 58. Qf2+ Kc4 59. Qxe1 d5 60. Rd6 d4 61. Qc1+ Kd3 62. Qd1+ Ke3 63. Qxd4+ Kf3 64. Re6 Kg3 65. Qf6 Kg4 66. Re4+ Kh5 67. Qg6# 1-0

[Event "GER-ch Net blitz qual4"]
[Site "Playchess.com INT"]
[Date "2021.05.10"]
[Round "7"]
[White "Tietz, Bennit"]
[Black "Benicke, Bastian"]
[Result "0-1"]
[WhiteElo "1579"]
[BlackElo "1701"]
[PlyCount "90"]
[EventDate "2021.05.10"]
[EventType "swiss (blitz)"]
[EventRounds "11"]
[EventCountry "GER"]
[SourceTitle "CBM 202 Extra"]
[Source "ChessBase"]
[SourceDate "2021.07.31"]
[SourceVersion "1"]
[SourceVersionDate "2021.07.31"]
[SourceQuality "1"]

1. e4 c5 2. d3 Nc6 3. f4 g6 4. Be2 e6 5. Nf3 Bg7 6. c3 Nge7 7. 0-0 f5 8. e5 b6 9. d4 cxd4 10. cxd4 Nd5 11. Nc3 Nce7 12. Ng5 Bb7 13. Bf3 0-0 14. Nxd5 Bxd5 15. Bxd5 Nxd5 16. h4 Re8 17. h5 Qc7 18. Bd2 h6 19. Nh3 Qc4 20. hxg6 Qxd4+ 21. Kh1 Rac8 22. b3 Rc6 23. Rc1 Rec8 24. Rxc6 Rxc6 25. Qe2 Rc2 26. Rd1 Qc5 27. g4 Nc3 28. Qf3 Nxd1 29. Qa8+ Qc8 30. Qxc8+ Rxc8 31. g5 hxg5 32. Nxg5 Rc2 33. Bb4 Nf2+ 34. Kg1 Ne4 35. Nf7 Rxa2 36. Nd6 a5 37. Be1 Ra1 38. Kf1 Ng3+ 39. Kf2 Nh5 40. Bd2 Ra2 41. Ke3 Nxf4 42. Kxf4 Rxd2 43. Nc4 Rd4+ 44. Ke3 Rxc4 45. bxc4 Bxe5 0-1

[Event "GER-ch Net blitz qual4"]
[Site "Playchess.com INT"]
[Date "2021.05.10"]
[Round "5"]
[White "Tietz, Bennit"]
[Black "Kuever, Bastian"]
[Result "1-0"]
[WhiteElo "1579"]
[BlackElo "1730"]
[PlyCount "41"]
[EventDate "2021.05.10"]
[EventType "swiss (blitz)"]
[EventRounds "11"]
[EventCountry "GER"]
[SourceTitle "CBM 202 Extra"]
[Source "ChessBase"]
[SourceDate "2021.07.31"]
[SourceVersion "1"]
[SourceVersionDate "2021.07.31"]
[SourceQuality "1"]

1. e4 e6 2. d4 d5 3. Nc3 Nf6 4. e5 Nfd7 5. Nce2 c5 6. c3 Nc6 7. f4 Qb6 8. Nf3 cxd4 9. cxd4 Bb4+ 10. Nc3 0-0 11. Be2 f6 12. 0-0 fxe5 13. fxe5 Bxc3 14. bxc3 Na5 15. Kh1 Nc4 16. Bxc4 dxc4 17. Qa4 Qc7 18. Ba3 Rf7 19. Ng5 Rxf1+ 20. Rxf1 Nb6 21. Qe8# 1-0

[Event "GER-ch Net blitz qual2"]
[Site "Playchess.com INT"]
[Date "2021.05.04"]
[Round "4"]
[White "Noetzel, Felix"]
[Black "Tietz, Bennit"]
[Result "1/2-1/2"]
[WhiteElo "1962"]
[BlackElo "1647"]
[PlyCount "158"]
[EventDate "2021.05.04"]
[EventType "swiss (blitz)"]
[EventRounds "11"]
[EventCountry "GER"]
[SourceTitle "CBM 202 Extra"]
[Source "ChessBase"]
[SourceDate "2021.07.31"]
[SourceVersion "1"]
[SourceVersionDate "2021.07.31"]
[SourceQuality "1"]

1. c4 c5 2. Nf3 e6 3. d4 d5 4. cxd5 exd5 5. Nc3 Nf6 6. Bg5 Be6 7. e3 a6 8. Bd3 Nbd7 9. 0-0 Bd6 10. dxc5 Bxc5 11. Nd4 h6 12. Bh4 g5 13. Bg3 h5 14. Nxe6 fxe6 15. Bg6+ Ke7 16. h3 h4 17. Bh2 g4 18. hxg4 Qg8 19. Bh5 Nxh5 20. gxh5 h3 21. Bg3 hxg2 22. Kxg2 Bd6 23. f4 Nf6 24. Rh1 e5 25. fxe5 Bxe5 26. Qf3 Bxg3 27. Qxg3 Qxg3+ 28. Kxg3 Nxh5+ 29. Kf2 Nf6 30. Rag1 Ng4+ 31. Ke2 Nf6 32. Rxh8 Rxh8 33. Rg7+ Kd6 34. Rxb7 Ne4 35. Nxe4+ dxe4 36. Kd2 Kc6 37. Rb4 Re8 38. Kc3 a5 39. Rc4+ Kb5 40. a4+ Kb6 41. Kd4 Kb7 42. Rc5 Kb6 43. Rb5+ Ka6 44. Re5 Rd8+ 45. Kxe4 Rb8 46. Re6+ Ka7 47. Kf5 Rxb2 48. Re4 Rb3 49. Kf4 Kb6 50. Rd4 Kc5 51. Ke4 Ra3 52. Kf4 Kc6 53. Rc4+ Kd5 54. Re4 Kc5 55. Kf5 Kb6 56. Re6+ Kc5 57. e4 Rxa4 58. e5 Kd5 59. Re8 Ra1 60. Rd8+ Kc6 61. Kf6 Rf1+ 62. Ke7 a4 63. Ra8 Rf4 64. e6 Kb5 65. Kd6 Rd4+ 66. Ke5 Rd1 67. e7 Re1+ 68. Kd6 Rd1+ 69. Ke6 Re1+ 70. Kd7 Rd1+ 71. Kc7 Re1 72. e8Q+ Rxe8 73. Rxe8 a3 74. Kd6 Kb4 75. Kd5 a2 76. Ra8 Kb3 77. Kd4 Kb2 78. Kd3 a1Q 79. Rxa1 Kxa1 1/2-1/2

[Event "GER Cup Net Final-C U1600"]
[Site "Playchess.com INT"]
[Date "2020.06.06"]
[Round "10"]
[White "Ruddat, Jarne"]
[Black "Tietz, Bennit"]
[Result "0-1"]
[WhiteElo "1586"]
[BlackElo "1507"]
[PlyCount "46"]
[EventDate "2020.06.06"]
[EventType "swiss (blitz)"]
[EventRounds "13"]
[EventCountry "GER"]
[SourceTitle "CBM 197 Extra"]
[Source "ChessBase"]
[SourceDate "2020.09.30"]
[SourceVersion "1"]
[SourceVersionDate "2020.09.30"]
[SourceQuality "1"]

1. e4 e5 2. Nf3 Nc6 3. d4 exd4 4. Nxd4 Bc5 5. Be3 Qf6 6. c3 d6 7. Bc4 Nge7 8. 0-0 Bb6 9. f4 0-0 10. Kh1 Qh6 11. Nxc6 bxc6 12. Bd2 Bb7 13. f5 Qf6 14. Qc1 h6 15. Na3 a6 16. Nc2 Qh4 17. Rf4 Qh5 18. Rf3 c5 19. Rg3 Bxe4 20. Bxh6 Nxf5 21. Bxg7 Nxg7 22. Rh3 Qg6 23. Rh6 Qxg2# 0-1

[Event "GER Cup Net Final-C U1600"]
[Site "Playchess.com INT"]
[Date "2020.06.06"]
[Round "4"]
[White "Schenk, Michael"]
[Black "Tietz, Bennit"]
[Result "0-1"]
[WhiteElo "1407"]
[BlackElo "1507"]
[PlyCount "62"]
[EventDate "2020.06.06"]
[EventType "swiss (blitz)"]
[EventRounds "13"]
[EventCountry "GER"]
[SourceTitle "CBM 197 Extra"]
[Source "ChessBase"]
[SourceDate "2020.09.30"]
[SourceVersion "1"]
[SourceVersionDate "2020.09.30"]
[SourceQuality "1"]

1. e4 e5 2. f4 exf4 3. Nf3 Nc6 4. Bc4 Bc5 5. c3 d6 6. d4 Bb6 7. 0-0 Bg4 8. Kh1 Nf6 9. h3 Bh5 10. Nbd2 0-0 11. Qe1 Bxf3 12. Nxf3 Qe7 13. e5 dxe5 14. dxe5 Nh5 15. e6 Ng3+ 16. Kh2 Nxf1+ 17. Qxf1 fxe6 18. b3 Kh8 19. a4 a6 20. Ba3 Bc5 21. b4 Bd6 22. Re1 e5 23. Nd4 Nxd4 24. cxd4 f3 25. dxe5 Bxe5+ 26. g3 Qd6 27. Qf2 Rae8 28. Rf1 Bd4 29. Qd2 Be5 30. Qxd6 Bxd6 31. Rd1 f2 0-1

[Event "GER Cup Net Final-C U1600"]
[Site "Playchess.com INT"]
[Date "2020.06.06"]
[Round "3"]
[White "Tietz, Bennit"]
[Black "Wagner, Jochen"]
[Result "1-0"]
[WhiteElo "1507"]
[BlackElo "1344"]
[PlyCount "55"]
[EventDate "2020.06.06"]
[EventType "swiss (blitz)"]
[EventRounds "13"]
[EventCountry "GER"]
[SourceTitle "CBM 197 Extra"]
[Source "ChessBase"]
[SourceDate "2020.09.30"]
[SourceVersion "1"]
[SourceVersionDate "2020.09.30"]
[SourceQuality "1"]

1. e4 e6 2. d4 d5 3. Bd3 c5 4. exd5 exd5 5. dxc5 Bxc5 6. Nf3 Bg4 7. h3 Bh5 8. Be3 d4 9. Bf4 Nf6 10. 0-0 0-0 11. c3 dxc3 12. Nxc3 Nc6 13. Bg5 Be7 14. Be2 Qc7 15. Bxf6 Bxf6 16. Nd5 Qd6 17. Nxf6+ Qxf6 18. b3 Rad8 19. Qc1 Nd4 20. Nxd4 Rxd4 21. Bxh5 g6 22. Bf3 Rh4 23. Qe3 g5 24. Qxa7 h5 25. Qxb7 g4 26. hxg4 hxg4 27. Be4 g3 28. fxg3 1-0

[Event "GER Pfingstopen U16"]
[Site "Playchess.com INT"]
[Date "2020.06.05"]
[Round "8"]
[White "Klahold, Rona"]
[Black "Tietz, Bennit"]
[Result "1-0"]
[WhiteElo "1596"]
[BlackElo "1574"]
[PlyCount "115"]
[EventDate "2020.06.05"]
[EventType "swiss (blitz)"]
[EventRounds "11"]
[EventCountry "GER"]
[SourceTitle "CBM 197 Extra"]
[Source "ChessBase"]
[SourceDate "2020.09.30"]
[SourceVersion "1"]
[SourceVersionDate "2020.09.30"]
[SourceQuality "1"]

1. d4 d5 2. Bf4 e6 3. e3 Nf6 4. Nd2 a6 5. Bd3 c5 6. c3 Nbd7 7. Ngf3 b5 8. Ne5 Nxe5 9. Bxe5 Nd7 10. Bf4 Bb7 11. Nf3 c4 12. Bc2 f6 13. 0-0 Be7 14. Re1 0-0 15. e4 dxe4 16. Bxe4 Bxe4 17. Rxe4 e5 18. dxe5 fxe5 19. Nxe5 Nxe5 20. Bxe5 Bf6 21. Bxf6 Qxf6 22. Qe2 Qf7 23. Re1 Rad8 24. Re7 Rfe8 25. Rxe8+ Rxe8 26. Qxe8+ Qxe8 27. Rxe8+ Kf7 28. Ra8 a5 29. Rxa5 b4 30. cxb4 c3 31. bxc3 g6 32. Ra7+ Kf6 33. a4 h5 34. a5 g5 35. Rc7 h4 36. a6 g4 37. a7 g3 38. fxg3 hxg3 39. hxg3 Ke6 40. a8Q Kf6 41. Qf8+ Ke6 42. Re7+ Kd6 43. Qd8+ Kc6 44. Rc7+ Kb5 45. Qb8+ Ka4 46. b5 Kb3 47. b6 Kc2 48. Qa7 Kd3 49. Qa6+ Ke4 50. Qc4+ Ke5 51. Re7+ Kd6 52. Qc7+ Kd5 53. Rd7+ Ke4 54. Qc4+ Ke5 55. Rd5+ Ke6 56. Qc6+ Ke7 57. Rd7+ Ke8 58. Qc8# 1-0

[Event "GER Pfingstopen U16"]
[Site "Playchess.com INT"]
[Date "2020.06.05"]
[Round "3"]
[White "Tietz, Bennit"]
[Black "Zobel, Christian Erik"]
[Result "1-0"]
[WhiteElo "1574"]
[BlackElo "1655"]
[PlyCount "67"]
[EventDate "2020.06.05"]
[EventType "swiss (blitz)"]
[EventRounds "11"]
[EventCountry "GER"]
[SourceTitle "CBM 197 Extra"]
[Source "ChessBase"]
[SourceDate "2020.09.30"]
[SourceVersion "1"]
[SourceVersionDate "2020.09.30"]
[SourceQuality "1"]

1. e4 e5 2. Nf3 Nf6 3. Nc3 Nc6 4. Bc4 Bc5 5. d3 h6 6. Be3 Bb6 7. Qd2 d6 8. a3 Be6 9. Bxe6 fxe6 10. Na4 Bxe3 11. fxe3 0-0 12. 0-0 d5 13. exd5 exd5 14. e4 dxe4 15. dxe4 Nxe4 16. Qe3 Nf6 17. Nxe5 Re8 18. Qb3+ Qd5 19. Nxc6 Qxb3 20. cxb3 bxc6 21. Rac1 Re6 22. Nc5 Rd6 23. Nb7 Re6 24. Nc5 Rd6 25. Rfe1 Re8 26. Nb7 Rxe1+ 27. Rxe1 Rd2 28. Rb1 Nd7 29. Nd8 Ne5 30. Ne6 Rd7 31. Rf1 Nd3 32. Rf8+ Kh7 33. Rf3 Nxb2 34. Nf8+ 1-0

[Event "GER Pfingstopen U16"]
[Site "Playchess.com INT"]
[Date "2020.06.05"]
[Round "4"]
[White "Zhou, Lepu Coco"]
[Black "Tietz, Bennit"]
[Result "1-0"]
[WhiteElo "1717"]
[BlackElo "1574"]
[PlyCount "41"]
[EventDate "2020.06.05"]
[EventType "swiss (blitz)"]
[EventRounds "11"]
[EventCountry "GER"]
[SourceTitle "CBM 197 Extra"]
[Source "ChessBase"]
[SourceDate "2020.09.30"]
[SourceVersion "1"]
[SourceVersionDate "2020.09.30"]
[SourceQuality "1"]

1. e4 e5 2. Nf3 Nc6 3. Bb5 a6 4. Ba4 Bc5 5. 0-0 d6 6. c3 Nf6 7. d4 exd4 8. cxd4 Bb6 9. d5 Nxe4 10. dxc6 bxc6 11. Bxc6+ Bd7 12. Bxe4 c6 13. Qc2 0-0 14. Nc3 Qf6 15. Bxh7+ Kh8 16. Bg5 Qe6 17. Rfe1 Qc4 18. Re4 Qc5 19. Rh4 Bg4 20. Bg8+ Kxg8 21. Qh7# 1-0

[Event "GER Cup Net V4 U1600"]
[Site "Playchess.com INT"]
[Date "2020.05.31"]
[Round "2"]
[White "Tietz, Bennit"]
[Black "Hellmich, Michael"]
[Result "1/2-1/2"]
[WhiteElo "1594"]
[BlackElo "1373"]
[PlyCount "141"]
[EventDate "2020.05.31"]
[EventType "swiss (blitz)"]
[EventRounds "9"]
[EventCountry "GER"]
[SourceTitle "EXT 2021"]
[Source "ChessBase"]
[SourceDate "2020.10.23"]
[SourceVersion "1"]
[SourceVersionDate "2020.10.23"]
[SourceQuality "1"]

1. e4 d5 2. exd5 Nf6 3. Nc3 Nxd5 4. Nf3 Nc6 5. Bc4 Nxc3 6. bxc3 Bg4 7. h3 Bxf3 8. Qxf3 e6 9. d4 Qd7 10. 0-0 0-0-0 11. Bf4 Bd6 12. Bxd6 cxd6 13. Rab1 Rhf8 14. d5 Ne5 15. Qe4 Nxc4 16. Qxc4+ Qc7 17. Qxc7+ Kxc7 18. dxe6 fxe6 19. Rfe1 e5 20. Rb3 b6 21. a4 Rf4 22. Ra3 Rc4 23. Rb1 Kd7 24. Rb4 Rdc8 25. Rxc4 Rxc4 26. Kf1 d5 27. f3 d4 28. cxd4 exd4 29. Ra2 Kc6 30. Ke2 Kc5 31. Kd3 Rc3+ 32. Kd2 a5 33. f4 Kb4 34. h4 Ra3 35. Rb2+ Kc5 36. Rb5+ Kc6 37. Rg5 Rxa4 38. Rxg7 d3 39. Kxd3 Rxf4 40. Rxh7 Rg4 41. Rh6+ Kb5 42. Rh5+ Ka6 43. Rg5 Rxh4 44. g4 Rh3+ 45. Kd2 Rh2+ 46. Kc3 Rh3+ 47. Kb2 Rh2 48. Rg8 Rg2 49. g5 Kb5 50. g6 a4 51. g7 Kb4 52. Kc1 b5 53. Kb1 a3 54. c3+ Kb3 55. Kc1 Rg1+ 56. Kd2 a2 57. Ra8 Rxg7 58. c4 bxc4 59. Rb8+ Ka3 60. Ra8+ Kb2 61. Rb8+ Ka1 62. Kc3 Rc7 63. Rb6 Rg7 64. Kxc4 Rg1 65. Kc3 Rb1 66. Ra6 Rc1+ 67. Kd2 Rb1 68. Kc2 Rb2+ 69. Kc1 Rb1+ 70. Kc2 Rb2+ 71. Kc1 1/2-1/2

[Event "GER Cup Net V4 U1600"]
[Site "Playchess.com INT"]
[Date "2020.05.31"]
[Round "5"]
[White "Tietz, Bennit"]
[Black "Homann, Christoph"]
[Result "0-1"]
[WhiteElo "1586"]
[BlackElo "1486"]
[PlyCount "102"]
[EventDate "2020.05.31"]
[EventType "swiss (blitz)"]
[EventRounds "9"]
[EventCountry "GER"]
[SourceTitle "EXT 2021"]
[Source "ChessBase"]
[SourceDate "2020.10.23"]
[SourceVersion "1"]
[SourceVersionDate "2020.10.23"]
[SourceQuality "1"]

1. e4 e5 2. Nf3 Nc6 3. Bc4 Bc5 4. c3 Nf6 5. d4 exd4 6. 0-0 Nxe4 7. cxd4 d5 8. dxc5 dxc4 9. Qe2 Qe7 10. Nc3 Nxc3 11. Qxe7+ Nxe7 12. bxc3 0-0 13. Nd2 Be6 14. Re1 Nd5 15. Ne4 Rfe8 16. Bb2 Rad8 17. Ng5 b5 18. Nxe6 Rxe6 19. Rxe6 fxe6 20. Re1 Kf7 21. Rd1 c6 22. Ra1 Nf4 23. a4 Nd3 24. Ba3 bxa4 25. h3 Rb8 26. Bc1 Nxc1 27. Rxc1 Rb3 28. Kf1 a3 29. Ke2 a2 30. Ra1 Rb2+ 31. Ke3 e5 32. f4 Ke6 33. fxe5 Kxe5 34. g4 a5 35. h4 a4 36. h5 g6 37. hxg6 hxg6 38. Kf3 a3 39. Ke3 Rb3 40. Kd2 Rb2+ 41. Ke3 g5 42. Kf3 Rb3 43. Ke2 Ke4 44. Rxa2 Rb2+ 45. Rxb2 axb2 46. Kf2 b1Q 47. Kg3 Qd3+ 48. Kf2 Qe3+ 49. Kf1 Qd2 50. Kg1 Kf3 51. Kh1 Qg2# 0-1

[Event "GER Cup Net V4 U1600"]
[Site "Playchess.com INT"]
[Date "2020.05.31"]
[Round "8"]
[White "Tietz, Bennit"]
[Black "Radeke, Rico"]
[Result "1-0"]
[WhiteElo "1547"]
[BlackElo "1492"]
[PlyCount "53"]
[EventDate "2020.05.31"]
[EventType "swiss (blitz)"]
[EventRounds "9"]
[EventCountry "GER"]
[SourceTitle "EXT 2021"]
[Source "ChessBase"]
[SourceDate "2020.10.23"]
[SourceVersion "1"]
[SourceVersionDate "2020.10.23"]
[SourceQuality "1"]

1. e4 c5 2. Nf3 d6 3. Bb5+ Nc6 4. 0-0 Nf6 5. Re1 Bd7 6. c3 g6 7. d4 a6 8. Bf1 cxd4 9. cxd4 Bg7 10. Nc3 0-0 11. Bg5 Bg4 12. h3 Bxf3 13. gxf3 b5 14. a3 Rc8 15. Qd2 Nh5 16. Bg2 Bxd4 17. Nd5 Bg7 18. Rac1 f6 19. Bh6 Ne5 20. Rxc8 Qd7 21. Rxf8+ Bxf8 22. Bxf8 Kxf8 23. Qh6+ Kg8 24. Nb6 Qe6 25. Rc1 Ng7 26. Rc8+ Kf7 27. Qxh7 1-0

[Event "GER Cup Net V3 U1600"]
[Site "Playchess.com INT"]
[Date "2020.05.27"]
[Round "7"]
[White "Tietz, Bennit"]
[Black "Hausmann, Ulrich"]
[Result "1-0"]
[WhiteElo "1534"]
[BlackElo "1531"]
[PlyCount "57"]
[EventDate "2020.05.27"]
[EventType "swiss (blitz)"]
[EventRounds "9"]
[EventCountry "GER"]
[SourceTitle "EXT 2021"]
[Source "ChessBase"]
[SourceDate "2020.10.23"]
[SourceVersion "1"]
[SourceVersionDate "2020.10.23"]
[SourceQuality "1"]

1. e4 d6 2. d4 e6 3. Nc3 Bd7 4. Nf3 Nc6 5. Bc4 h6 6. Bf4 Nf6 7. 0-0 Nh5 8. Bg3 Nxg3 9. fxg3 e5 10. dxe5 Nxe5 11. Nxe5 dxe5 12. Bxf7+ Ke7 13. Nd5+ Kd6 14. Nb6+ Kc6 15. Nxa8 Qxa8 16. Qd5+ Kb6 17. a4 Bc6 18. a5+ Ka6 19. Qd3+ b5 20. c4 Bc5+ 21. Kh1 Qb7 22. cxb5+ Bxb5 23. Bc4 c6 24. Bxb5+ cxb5 25. Rfb1 Bd4 26. Ra2 Rd8 27. Qe2 Rf8 28. b4 Rf3 29. gxf3 1-0

[Event "GER Cup Net V3 U1600"]
[Site "Playchess.com INT"]
[Date "2020.05.27"]
[Round "6"]
[White "Tietz, Bennit"]
[Black "Ruddat, Jarne"]
[Result "0-1"]
[WhiteElo "1547"]
[BlackElo "1654"]
[PlyCount "132"]
[EventDate "2020.05.27"]
[EventType "swiss (blitz)"]
[EventRounds "9"]
[EventCountry "GER"]
[SourceTitle "EXT 2021"]
[Source "ChessBase"]
[SourceDate "2020.10.23"]
[SourceVersion "1"]
[SourceVersionDate "2020.10.23"]
[SourceQuality "1"]

1. e4 c5 2. Nf3 g6 3. c4 Bg7 4. Nc3 Nc6 5. Be2 e6 6. d3 Nge7 7. Be3 Nd4 8. Bxd4 cxd4 9. Nb5 d6 10. Nbxd4 Qb6 11. Qa4+ Bd7 12. Qb3 Bxd4 13. Nxd4 Qxd4 14. 0-0 0-0 15. Qxb7 Rfd8 16. b4 Rab8 17. Qc7 Qb6 18. Qxb6 Rxb6 19. a3 Ra8 20. c5 dxc5 21. bxc5 Rc6 22. d4 e5 23. Bb5 Rc7 24. Bxd7 Rxd7 25. dxe5 Rc8 26. Rac1 Rd4 27. f3 Ra4 28. Rc3 Ra5 29. Rfc1 Nc6 30. f4 f6 31. exf6 Kf7 32. e5 g5 33. fxg5 Nxe5 34. Re3 Raxc5 35. Rxc5 Rxc5 36. h4 Rc1+ 37. Kf2 Ng4+ 38. Kf3 Nxe3 39. Kxe3 Rc3+ 40. Kf4 Rxa3 41. Kg4 Rd3 42. Kh5 Kg8 43. Kh6 Rg3 44. h5 a5 45. g6 hxg6 46. hxg6 Rxg2 47. f7+ Kf8 48. Kh5 Rxg6 49. Kxg6 a4 50. Kf6 a3 51. Ke6 a2 52. Kf5 a1Q 53. Ke6 Qa2+ 54. Ke5 Qxf7 55. Ke4 Qf6 56. Kd5 Ke7 57. Ke4 Kd6 58. Ke3 Qh4 59. Kf3 Ke5 60. Ke3 Qh3+ 61. Kf2 Ke4 62. Kg1 Qa3 63. Kf2 Qf3+ 64. Ke1 Qg2 65. Kd1 Kd3 66. Kc1 Qc2# 0-1

[Event "GER Cup Net V2 U1600"]
[Site "Playchess.com INT"]
[Date "2020.05.22"]
[Round "1"]
[White "Tietz, Bennit"]
[Black "Elpelt, Frank"]
[Result "1-0"]
[WhiteElo "1593"]
[BlackElo "1383"]
[PlyCount "59"]
[EventDate "2020.05.22"]
[EventType "swiss (blitz)"]
[EventRounds "9"]
[EventCountry "GER"]
[SourceTitle "EXT 2021"]
[Source "ChessBase"]
[SourceDate "2020.10.23"]
[SourceVersion "1"]
[SourceVersionDate "2020.10.23"]
[SourceQuality "1"]

1. e4 e6 2. d4 d5 3. e5 c5 4. c3 Nc6 5. Nf3 Qb6 6. Bd3 cxd4 7. cxd4 Nxd4 8. Nxd4 Qxd4 9. Bb5+ Bd7 10. Bxd7+ Kxd7 11. Qxd4 Rc8 12. Nc3 b6 13. Qa4+ Kd8 14. Qxa7 Bc5 15. Qxf7 Ne7 16. 0-0 Rg8 17. Bg5 Kd7 18. Bxe7 Bxe7 19. Rad1 Rcf8 20. Qh5 h6 21. Nxd5 exd5 22. Rxd5+ Kc7 23. Rc1+ Kb7 24. Rd7+ Ka6 25. Qe2+ Ka5 26. Rxe7 Rf4 27. Ra7+ Kb4 28. a3+ Kb3 29. Qc2+ Ka2 30. b3# 1-0